000
00276nam a2200121Ia 4500
005
20251222140049.0
008
251222s1900||||xx |||||||||||||| ||spa||
082
_a
211.6/R73
100
_a
Moeller, Charles
245
0
_a
Humanidad y santidad
264
_b
Juventud
942
_c
LIB
999
_c
3552
_d
3552